00294nam a2200121Ia 4500008004100000100001300041245002700054260003000081300000900111650002700120942000800147999001700155190216s9999||||xx |||||||||||||| ||und|| aWells Hg 0aLokacharitra Samgraham bNational Book Stallc1986 a608p aLokacharitra Samgraham cREF c35755d35755